000 006500000a22002290004500
001 14035
003 CO-MdFUSB
005 20180622074819.0
008 160824b xxu||||| |||| 00| 0 eng d
020 _a84-301-1583-8
040 _cCO-MdFUSB
041 0 _aSPA
082 0 4 _aG 230.04 B2841i
100 1 _aBarth, Karl (1886-1968)
245 1 0 _aIntroducción a la teología evangélica
_f / Karl Barth ; Constantino Ruiz Garrido, Traductor
264 _aSalamanca :
_bSígueme,
_c2006
300 _a238 Pág.
942 _cBK
999 _c42948
_d42948
336 _atexto
_btxt
_2rdacontent
337 _2rdamedia
_asin mediación
_bn
338 _2rdacarrier
_avolumen
_bnc